00335nam a2200121Ia 4500008004100000245007400041260001700115260000900132300000800141650002300149650001200172856002900184170516s9999 xx 000 0 und d aEffect of PEG Pairing on the Efficiency of Cancer-Targeting Liposomes bTheranostics c2015 a5:7 xMedical Technology xMedtech uhttp://www.thno.org/v5i7